| 000 | 01759nam0a2200325 4500 | ||
|---|---|---|---|
| 001 | RU\NLR\bibl\1260705 | ||
| 005 | 20250615131141.0 | ||
| 021 |
_aRU _b2008-46434 _92565 |
||
| 035 | _a(NLR Aleph) 001246700 | ||
| 090 |
_a293094 _c293094 |
||
| 100 | _a20080812d2008 |||y0rusy50 ca | ||
| 101 | 0 | _arus | |
| 102 | _aRU | ||
| 105 | _aa ||||||||| | ||
| 200 | 1 |
_aРазработка рейтинговой системы оценки специалиста в процессе его подготовки _eучебно-методическое пособие _fО.М. Булгаков, С.Н. Тростянский, Д.А. Ковалевский _gВоронеж. ин-т МВД России |
|
| 210 |
_aВоронеж _cВоронежский институт МВД России _d2008 |
||
| 215 |
_a53 с. _cил. _d21 |
||
| 320 | _aБиблиогр.: с. 45 (11 назв.) | ||
| 606 | 1 |
_aСпециалисты _jУчебно-методические пособия _xПодготовка _yРоссийская Федерация _92112888 _3RU\NLR\auth\661276743 |
|
| 606 | 1 |
_aВысшее образование _jУчебно-методические пособия для высших учебных заведений _xКачество _xМониторинг _92452650 _3RU\NLR\auth\661458134 |
|
| 686 | _aУ24(2)920.12я7 | ||
| 686 | _aЧ481.28я73 | ||
| 700 | 1 |
_aБулгаков _bО. М. _gОлег Митрофанович _4070 |
|
| 701 | 1 |
_aТростянский _bС. Н. _gСергей Николаевич _4070 |
|
| 701 | 1 |
_aКовалевский _bД. А. _gДмитрий Анатольевич _4070 |
|
| 801 | 0 |
_aRU _bNLR _c20080812 _gRCR |
|
| 801 | 1 |
_aRU _bNLR _c20080812 |
|
| 942 | _cBOOK | ||
| 980 | _aNB | ||